000 00708nam a22002777a 4500
005 20260313162708.0
008 160808b2001 xxu||||| |||| 00| 0 spa d
041 _aESP
082 _a001.42 H341c
100 _aHarvey, Gordon
245 _aCómo se citan las fuentes
260 _aEspaña
260 _bNUER Ediciones
260 _c2001
300 _a104 páginas
490 _aTemática General
650 _aMÉTODOS DE INVESTIGACIÓN
650 _aINVESTIGACIONES
650 _aMETODOLOGÍA
650 _aCIENCIAS SOCIALES
650 _aTRABAJOS CIENTÍFICOS
650 _aDOCUMENTACIÓN
650 _aFUENTES BIBLIOGRÁFICAS
650 _aCITACIÓN DE FUENTES
942 _cBK
_2ddc
999 _c8342
_d8342